La máquina del tiempo (Registro nro. 7813)

Detalles MARC
000 -CABECERA
Longitud fija campo de control 01482nam a2200397 i 4500
005 - • FECHA Y HORA DE LA ÚLTIMA TRANSACCIÓN
Fecha y hora de la última transacción 20220317001715.0
007 - • CAMPO FIJO DE DESCRIPCIÓN FÍSICA
Campo fijo de descripción física ta
008 - • CÓDIGOS DE INFORMACIÓN DE LONGITUD FIJA
Códigos de información de longitud fija 170328s2016 ck gs 000 f spa d
020 ## - • NÚMERO INTERNACIONAL NORMALIZADO PARA LIBROS
Número Internacional Normalizado para Libros (ISBN) 9580467544
020 ## - • NÚMERO INTERNACIONAL NORMALIZADO PARA LIBROS
Número Internacional Normalizado para Libros (ISBN) 9789580467540
040 ## - FUENTE DE LA CATALOGACIÓN
Centro catalogador de origen CO-BoRNBP
Lengua de catalogación spa
Normas de descripción rda
Centro transcriptor CO-BoRNBP
041 0# - • CÓDIGO DE LENGUA
Código de lengua del texto/banda sonora o título independiente spa
043 ## - CÓDIGO DE ÁREA GEOGRÁFICA
Código de área geográfica s-ck---
084 ## - • Clasificación Local Alfanúmerica PNLB
Número de clasificación N WEL1
100 1# - • PUNTO DE ACCESO PRINCIPAL-NOMBRE DE PERSONA
Nombre de persona Wells, Herbert George
Fechas asociadas al nombre 1866-1946
Término indicativo de función autor
245 10 - • TITULO PROPIAMENTE DICHO
Título La máquina del tiempo
Mención de responsabilidad, etc. Iván Hernández A, H.G. Wells, traducción
250 ## - • MENCIÓN DE EDICIÓN
Mención de edición Segunda edición
264 #1 - PRODUCCIÓN, PUBLICACIÓN , DISTRIBUCIÓN, FABRICACIÓN Y COPYRIGHT
Lugar de producción, publicación, distribución, fabricación Bogotá
Nombre del productor, editor, distribuidor, fabricante Norma
Fecha de de producción, publicación, distribución, fabricación o copyright 2016
300 ## - • DESCRIPCIÓN FÍSICA
Extensión 106, 89 páginas (en paginación variada)
Dimensiones 21 cm
336 ## - TIPO DE CONTENIDO
Término de tipo de contenido texto
Código de tipo de contenido txt
Fuente rdacontent
337 ## - TIPO DE MEDIO
Nombre del tipo de medio sin mediación
Código del tipo de medio n
Fuente rdamedia
338 ## - TIPO DE SOPORTE
Nombre del tipo de soporte volumen
Código del tipo de soporte nc
Fuente rdacarrier
490 ## - • MENCIÓN DE SERIE
Mención de serie Cara y cruz
500 ## - • NOTA GENERAL
Nota general Encuadernado con: A propósito de H.G. Wells y su obra
500 ## - • NOTA GENERAL
Nota general Incluye cronología
505 ## - • NOTA DE CONTENIDO CON FORMATO
Nota de contenido con formato Orígenes -- H.G. Wells -- Tres cartas de Henry James -- H.G Wells H.G. Wells, soñador -- Iván Hernández -- Citas a propósito de -- H.G. Wells -- Cronología
521 ## - • NOTA DE PÚBLICO DESTINATARIO
Nota público destinatario (R ) Recomendado desde los 12 años
534 ## - • Nota De Versión Original
Título The time machine
600 14 - • PUNTO DE ACCESO ADICIONAL DE MATERIA - NOMBRE DE PERSONA
Nombre de persona Wells, Herbert George
Fechas asociadas al nombre [1866-1946]
Subdivisión de materia general (R ) Critica e interpretación
650 14 - • PUNTO DE ACCESO ADICIONAL DE MATERIA - TÉRMINO DE MATERIA
Término de materia o nombre geográfico como elemento inicial Novela inglesa
Subdivisión cronológica Siglo XX
Fuente del encabezamiento o término LEMB
650 14 - • PUNTO DE ACCESO ADICIONAL DE MATERIA - TÉRMINO DE MATERIA
Término de materia o nombre geográfico como elemento inicial Literatura inglesa
Subdivisión cronológica Siglo XX
Fuente del encabezamiento o término LEMB
650 14 - • PUNTO DE ACCESO ADICIONAL DE MATERIA - TÉRMINO DE MATERIA
Término de materia o nombre geográfico como elemento inicial Ciencia ficción
Subdivisión de forma Novela
Fuente del encabezamiento o término LEMB
650 14 - • PUNTO DE ACCESO ADICIONAL DE MATERIA - TÉRMINO DE MATERIA
Término de materia o nombre geográfico como elemento inicial Aventuras
Subdivisión de forma Novela
Fuente del encabezamiento o término LEMB
700 1# - • PUNTO DE ACCESO ADICIONAL - NOMBRE DE PERSONA
Nombre de persona Hernández Arbeláez, Iván,
Término indicativo de función editor
-- traductor
942 ## - ENTRADA DE ELEMENTOS AGREGADOS (KOHA)
Fuente de clasificaión o esquema
Koha [por defecto] tipo de item Libro Literatura
Existencias
Perdido Fuente de clasificación o esquema Estado Físico No para préstamo Forma de adquisición Localización permanente Localización actual Localización en estanterías Fecha adquisición Préstamos totales Signatura completa Código de barras Fecha última consulta Número de copia Fecha del precio de reemplazo Tipo de item de Koha Note pública Serie de enumeración / cronolog&íacute;a Número de registro
  Dewey Decimal Classification     Colección General Biblioteca Pública Puerto Lleras Biblioteca Pública Puerto Lleras Literatura 01/14/2025   N WEL1 PLL00766 01/14/2025 Ej.1 01/14/2025 Libro Literatura      
  Dewey Decimal Classification     Colección General Biblioteca Pública San Carlos de Guaroa - Eduardo Carranza Biblioteca Pública San Carlos de Guaroa - Eduardo Carranza Literatura 02/19/2024   N WEL1 SG01530 02/19/2024 Ej.1 02/19/2024 Libro Literatura      
        Literatura General Biblioteca Pública Departamental Eduardo Carranza - Villavicencio Biblioteca Pública Departamental Eduardo Carranza - Villavicencio Literatura 01/14/2020   N WEL1 ECA3521 11/26/2024 Ej.2 11/26/2024 LIbro 450 | 571    
        Sala General Biblioteca Pública Departamental Eduardo Carranza - Villavicencio Biblioteca Pública Departamental Eduardo Carranza - Villavicencio General 08/19/2004   N WEL1 ECA15951 11/26/2024 Ej.1 11/26/2024 LIbro 450 | 570 Vol.1  
  Dewey Decimal Classification     Colección General Biblioteca Pública Guamal Biblioteca Pública Guamal Literatura 01/30/2023   NWEL1 GUA000230 01/30/2023 Ej.1 01/30/2023 Libro Literatura      
  Dewey Decimal Classification       Biblioteca Pública Vistahermosa Biblioteca Pública Vistahermosa   06/13/2025   N WEL1 VIST 0002372 06/13/2025 Ej.1 06/13/2025 Libro Literatura     N WEL1 EJ.1









Instituto Departamental de Cultura del Meta - Red Departamental de Bibliotecas Públicas del Meta.